[Event "IRI-ch U14"]
[Site "Chess.com INT"]
[Date "2021.01.16"]
[Round "1"]
[White "Rajaei, Amirhasan"]
[Black "Samadi Riakandeh, Said Alireza"]
[Result "1-0"]
[WhiteElo "1063"]
[BlackElo "1689"]
[PlyCount "123"]
[EventDate "2021.01.16"]
[EventType "swiss"]
[EventRounds "11"]
[EventCountry "IRI"]
[SourceTitle "EXT 2022"]
[Source "ChessBase"]
[SourceDate "2021.10.06"]
[SourceVersion "1"]
[SourceVersionDate "2021.10.06"]
[SourceQuality "1"]

1. e4 c5 2. Nf3 g6 3. c4 Nc6 4. d4 cxd4 5. Nxd4 Nf6 6. Nc3 Bg7 7. Be3 Ng4 8. Qxg4 Nxd4 9. Qd1 Ne6 10. Bd3 Qa5 11. Rc1 b6 12. 0-0 Bb7 13. f3 g5 14. Qd2 h5 15. Rfd1 d6 16. c5 bxc5 17. Bb5+ Kf8 18. Bc4 Qb4 19. Bxe6 fxe6 20. a3 Qb3 21. Kh1 Bf6 22. Bxg5 Kf7 23. Bxf6 Kxf6 24. Qe3 Rag8 25. Qd3 Rg6 26. e5+ Kf7 27. exd6 Qxb2 28. Rc2 Qb6 29. Na4 Qxd6 30. Qxd6 exd6 31. Rxd6 Ke7 32. Rcd2 Bd5 33. R2xd5 exd5 34. Rxg6 d4 35. Nxc5 Rc8 36. Re6+ Kf7 37. Re5 d3 38. Nxd3 Rc3 39. Ra5 Rxd3 40. h4 Rd4 41. Rxh5 Kg6 42. Rg5+ Kf6 43. Rg4 Rd3 44. Kh2 Rxa3 45. Rg8 a5 46. h5 Ra4 47. h6 Rh4+ 48. Kg3 Rxh6 49. Ra8 Rh5 50. Kg4 Rg5+ 51. Kh3 Rh5+ 52. Kg3 Rg5+ 53. Kf2 Rb5 54. g4 Kg5 55. Kg3 Kf6 56. f4 Rb3+ 57. Kh4 Ra3 58. g5+ Kg6 59. Kg4 Ra4 60. Ra6+ Kg7 61. Kf5 Ra3 62. Ra7+ 1-0